Four modern verse plays / (Record no. 77518)
[ view plain ]
| 000 -LEADER | |
|---|---|
| fixed length control field | 00762nam a2200253 a 4500 |
| 001 - CONTROL NUMBER | |
| control field | 77518 |
| 003 - CONTROL NUMBER IDENTIFIER | |
| rucl marc code | BD-RjUL |
| 005 - DATE AND TIME OF LATEST TRANSACTION | |
| control field | 20211209083000.0 |
| 008 - FIXED-LENGTH DATA ELEMENTS--GENERAL INFORMATION | |
| fixed length control field | 201019s19661957enk 00000 eng d |
| 035 ## - SYSTEM CONTROL NUMBER | |
| System control number | (BD-RjUL)77743 |
| System control number | 864406 |
| 040 ## - CATALOGING SOURCE | |
| Original cataloging agency | ANL |
| Language of cataloging | eng |
| Modifying agency | ANL |
| Transcribing agency | BD-RjUL |
| 041 ## - LANGUAGE CODE | |
| Language code of text/sound track or separate title | eng |
| 082 0# - DEWEY DECIMAL CLASSIFICATION NUMBER | |
| Classification number | 822.91 |
| Author mark and year | BRF 1966 |
| 100 1# - MAIN ENTRY--PERSONAL NAME | |
| Personal name | Browne, E. Martin |
| Fuller form of name | (Elliott Martin), |
| Dates associated with a name | 1900- |
| 9 (RLIN) | 241856 |
| 245 10 - TITLE STATEMENT | |
| Title | Four modern verse plays / |
| Statement of responsibility, etc. | introduced and edited by E. Martin Browne. |
| 260 ## - PUBLICATION, DISTRIBUTION, ETC. (IMPRINT) | |
| Place of publication, distribution, etc. | Harmondsworth, Middlesex : |
| Name of publisher, distributor, etc. | Penguin Books, |
| Date of publication, distribution, etc. | 1957,[reprinted 1966]. |
| 300 ## - PHYSICAL DESCRIPTION | |
| Pagination | 269 p. ; |
| Size | 18 cm. |
| 490 0# - SERIES STATEMENT | |
| Series statement | Penguin books ; |
| Volume/sequential designation | 1253 |
| 500 ## - GENERAL NOTE | |
| General note | Penguin plays. |
| 650 #0 - SUBJECT ADDED ENTRY--TOPICAL TERM | |
| Topical term or geographic name as entry element | English drama |
| Chronological subdivision | 20th century. |
| 9 (RLIN) | 241857 |
| 942 ## - ADDED ENTRY ELEMENTS (KOHA) | |
| Source of classification or shelving scheme | Dewey Decimal Classification |
| Koha item type | Books |
| Lost status | Source of classification or shelving scheme | Damaged status | Not for loan | Collection code | Permanent Location | Current Location | Shelving location | Date acquired | Source of acquisition | Total Checkouts | Full call number | Date last seen | Copy number | Koha item type |
|---|---|---|---|---|---|---|---|---|---|---|---|---|---|---|
| Dewey Decimal Classification | Not For Loan | Non-fiction | Central Library, University of Rajshahi | Central Library, University of Rajshahi | Reading Room | 24/10/1990 | Shauakat osman | 822.91 BRF 1966 | 19/10/2020 | C-1 | Books |